| 000 | 00591nam a22001815i 4500 | ||
|---|---|---|---|
| 001 | 153434 | ||
| 003 | ES-MaACL | ||
| 005 | 20230906205224.0 | ||
| 008 | 040831s1848 fr |||| | fre d | ||
| 040 |
_aCAM _bspa _cCAM |
||
| 100 | 1 |
_aDesages, Luc. _9126763 |
|
| 245 | 1 | 0 |
_aDoctrine de l'humanité _b: aphorismes. |
| 260 |
_aBoussac : _b[s.n.], _c1848 ( _fImprimerie de Pierre Leroux) |
||
| 300 |
_a32 p. ; _c22 cm. |
||
| 594 | _aLos autores constan en prelim.: Luc Desages, Auguste Desmoulins. | ||
| 700 | 1 | 1 |
_aDesmoulins, Auguste. _9126770 |
| 852 |
_aES-MaACL _jG-12552(2) _z-- Enc. hol. |
||
| 999 |
_c153434 _d153434 |
||